00325nam a22000857a 4500008004100000082001500041245009900056260007400155300001000229230606b xxu||||| |||| 00| 0 eng d a632.7bMEM aMaster Plan for the Conservation and Sustainable Management of Water Catchment Arears in Kenya aKenyabMinistry of Environment and Mineral ResourcescSeptember, 2012 a164 p